000 00942nam a2200253Ia 4500
003 OSt
005 20220923225203.0
006 a|||||r|||| 00| 0
007 ta
008 220922b |||||||| |||| 00| 0 hin d
024 _a259,513
037 _cTextual
040 _aARTS
_cARTS
_bhin
041 _2hin
_ahin
082 _aO155,1M66x, 152K2
100 _aकेशवसुत; जोशी, प्रहलाद नरहर, अनु.
_9158895
245 0 _aकवि श्री माला
_b मराठी
246 _aKavi shrī mālā: marāṭhī
260 _aवर्धा
_b राष्ट्रभाषा प्रचार समिति
_c1962
300 _a123पृ.
_ccm.
650 _aमराठी साहित्य
942 _hO155,1M66x, 152K2
_cTEXL
_2CC
999 _c376606
_d376606